000 00989cam a2200253 4500
001 ABS62670
008 000000n2000 000 0 eng u
035 _a(Sirsi) u107374
100 _aSmart, G.
245 _aTime to rethink the landscape protection system?
260 _c2000
490 _aTown & Country Planning
_v69(7/8) July/August 2000, 212-213(2)
520 _aHighlights anomalies in the current system for protected landscape, and states it is time for a thorough overhaul of the system. Argues that Areas of Outstanding Natural Beauty (AONBs) should be given the same statutory status as National Parks as they both provide a recreational service to the public.
590 _aABS
650 _aPROTECTED LANDSCAPE
650 _aCOUNTRYSIDE AGENCY
650 _aAREAS OF OUTSTANDING NATURAL BEAUTY
650 _aNATIONAL PARKS
650 _aRECREATION
650 _aDESIGNATION
690 _aRURAL-NATURE CONSERVATION
700 _aHoldaway, E.
942 _n0
999 _c64203
_d64203